000
00325nam a22001337a 4500
008
170905b xxu||||| |||| 00| 0 eng d
020
_a
2900205543723
041
_a
eng
080
_2
6TH
_a
070
100
_a
40
101
_a
MED
245
_a
INTERPERSONAL COMMUNICATION AND HUMAN RELATIONSHIPS
_c
KNAPP,M.L
942
_2
udc
_c
BK
999
_c
26187
_d
26187